Málo kapitálu a času. Poučenie z japonských skúseností. Priemyselná politika.
Výňatky z príručky pre hospodársku obnovu Česko-Slovenska, ktorú v r. 1992 vypracoval Japonský ekonomický výskumný ústav. Porovnanie hospodárskej situácie Japonska v r. 1952 a ČSFR po r. 1989. Využitie poznatkov z japonskej priemyselnej politiky pre návrhy základných krokov obnovy hospodárstva býval...
Gespeichert in:
| Format: | Buchkapitel |
|---|---|
| Sprache: | Slowakisch |
| Schlagworte: | |
| Tags: |
Keine Tags, Fügen Sie das erste Tag hinzu!
|
MARC
| LEADER | 00000naa a2200000 4500 | ||
|---|---|---|---|
| 001 | r011603 | ||
| 005 | 20220826094224.7 | ||
| 041 | 0 | |a slo | |
| 044 | |a [CS] | ||
| 245 | 1 | 0 | |a Málo kapitálu a času. |b Poučenie z japonských skúseností. Priemyselná politika. |
| 520 | |a Výňatky z príručky pre hospodársku obnovu Česko-Slovenska, ktorú v r. 1992 vypracoval Japonský ekonomický výskumný ústav. Porovnanie hospodárskej situácie Japonska v r. 1952 a ČSFR po r. 1989. Využitie poznatkov z japonskej priemyselnej politiky pre návrhy základných krokov obnovy hospodárstva bývalej ČSFR do r. 1966 a 2000. Životná úroveň, prioritné a útlmové odvetvia, výhľad zamestnanosti podľa sektorov v percentách, ako ísť na zahraničný kapitál, o čo ide v privatizácii (sektor súkromný, súkromno-verejný, verejný-štátny). | ||
| 610 | 2 | 0 | |a politika priemyselná |
| 610 | 2 | 0 | |a Japonsko |
| 610 | 2 | 0 | |a ČSFR |